1793 1089 1762 1029 1837 1087 1323 1716 1898 1439 1156 1988 1042 1036 1954 1566 1499 1258 1327 1956 1397 1902 1988 1763 1219 1175 1803 1714 1072 1554 1138 1772 1774 1898 1318 1264 1897 1435 1784 1771 1398 1378 1108 1047 1842 1206 1721 1617 1008 1595 1368 1042 1025 1149 1674 1812 1867 1274 1283 1155 1923 1104 1340 1137 1236 1675 1592 1869 1194 1426 1940 1941 1429 1781 1536 1837 1298 1102 1663 1987 1973 1503 1379 1181 1391 1441 1846 1136 1596 1987 1854 1592 1765 1791 1935 1328 1440 1472 1203 BCNSPRNW ULIB Ver.6.0+V

เปลี่ยนเป็นภาษาไทย

Change to English
 แสดงรายละเอียดบรรณานุกรม
  กลับหน้าหลัก

Brief Record : Get Marc (ISO 2709) : E-mail record : QR code < ปิดหน้าต่าง
LEADER : 00000nam 2200000uu 4500
001    13399122857
003     ULIB
008    131022s2555||||th 000 0 tha d
020    ^a9789742473723
050  4 ^aDS520^bป533ร
100    ^aปัทมาพร คำโท
245    ^aเราคืออาเซียน--ฟิลิปปินส์ /^cปัทมาพร คำโท
250    ^aพิมพ์ครั้งที่ 4
260    ^aกรุงเทพฯ :^bอมรินทร์คอมมิกส์,^c2555
300    ^a53 หน้า
440  0 ^aชุด เราคืออาเซียน
650  7 ^aประชาคมอาเซียน
650  7 ^aอาเซียน
650  7 ^aฟิลิปปินส์
945    ^p75^l0^i034078
999    ^aทศพร
รายการนี้ยังไม่มีแท็ก
คุณยังไม่ได้ล็อกอิน คุณสามารถมีกิจกรรมร่วมกับเว็บไซต์ได้ แต่ต้องล็อกอินก่อน ::
  ล็อกอิน

รายการสื่อสารสนเทศ

ลำดับที่ ประเภท เลขเรียก/บาร์โค้ด สถานที่ สถานะ
1. การศึกษาทั่วไป
หนังสือสำรอง
สถานะ=หนังสือสำรอง
DS520 ป533ร ฉ.1 
  Barcode: 034078
ห้องสมุดวิทยาเขตสวรรค์ประชารักษ์
►หนังสือทั่วไป
บนชั้น

รายการใกล้เคียง
    ผู้แต่ง [ปัทมาพร คำโท]

    หัวเรื่อง [ประชาคมอาเซียน]
    หัวเรื่อง [อาเซียน]
    หัวเรื่อง [ฟิลิปปินส์]

BibComment


ยังไม่เคยถูกคอมเมนท์

คอมเมนท์ทรัพยากรรายการนี้
  คอมเมนท์: เราคืออาเซียนฟิล..


 Copyright 2026. Bcnsprnw @Library